000 00679nam a2200217 i 4500
001 64774
003 ES-MaACL
005 20250816062531.0
007 t|
008 040105s1975 sp ||||1| spa d
100 1 _aFoudraine, Jan.
_951929
245 1 3 _aUn psiquiatra en busca de su profesión /
_cJan Foudraine ; [traducción de Jem Cabanes].
250 _a[1ª ed.].
260 _a[Barcelona] :
_bPenínsula,
_c[1975]
300 _a394 p. ;
_c20 cm.
490 1 _aHistoria, ciencia, sociedad
700 1 _aCabanes, Jem (
_d1942-)
_933137
830 0 0 _aHistoria, ciencia, sociedad (Península)
_9177444
852 _aES-MaACL
_jE-8454
_bR.92969
999 _c64774
_d64774